Economic adjustment programme for Ireland summer 2011 review

Enregistré dans:
Détails bibliographiques
Collectivité auteur: European Commission
Format: Livre
Langue:anglais
Publié: Luxembourg Publications Office of the European Union 2011
Collection:European economy
Sujets:
Tags: Ajouter un tag
Pas de tags, Soyez le premier à ajouter un tag!

MARC

LEADER 00000nam$a2200000$$$4500
001 0147646
005 20240318114235.3
020 |a 978-92-79-19341-5 
022 |a 1725-3195 
041 0 |a eng 
044 |a LU 
245 1 0 |a Economic adjustment programme for Ireland  |b summer 2011 review 
264 1 |a Luxembourg  |b Publications Office of the European Union  |c 2011 
300 |a 77 s. 
490 1 |a European economy 
830 0 |a European economy 
610 2 0 |a rozvoj hospodársky 
610 2 0 |a programy rozvojové 
610 2 0 |a adaptácia 
610 2 0 |a financovanie 
610 2 0 |a ukazovatele makroekonomické 
610 2 0 |a reformy štruktúrne 
610 2 0 |a politika fiškálna 
610 2 0 |a trh finančný 
610 2 0 |a Írsko 
710 2 |a European Commission